INFORME FINAL DEL EJERCICIO PROFESIONAL SUPERVISADO, REALIZADO EN LA MUNICIPALIDAD DE FLORES, PETÉN Y ALDEA PAXCAMÁN, FLORES, PETÉN/ (Registro nro. 1889)

Detalles MARC
000 -LEADER
campo de control de longitud fija 03592nam a22003377a 4500
001 - NÚMERO DE CONTROL
campo de control TIGAL 0087
003 - IDENTIFICADOR DE NÚMERO DE CONTROL
campo de control gtcocun
005 - FECHA Y HORA DE LA ÚLTIMA TRANSACCIÓN
campo de control 20250917180012.0
006 - CÓDIGOS DE INFORMACIÓN DE LONGITUD FIJA--CARACTERÍSTICAS DEL MATERIAL ADICIONAL
campo de control de longitud fija a||||gr|||| 00| 0
007 - CAMPO FIJO DE DESCRIPCIÓN FÍSICA--INFORMACIÓN GENERAL
campo de control de longitud fija ta
008 - DATOS DE LONGITUD FIJA--INFORMACIÓN GENERAL
campo de control de longitud fija 250917b2024 gt ||||| m||| 00| 0 eng d
040 ## - FUENTE DE CATALOGACIÓN
Centro catalogador/agencia de origen gtcocun
Lengua de catalogación SPA
Centro/agencia transcriptor gtcocun
Normas de descripción RDA
041 ## - CÓDIGO DE IDIOMA
Código de lengua del texto/banda sonora o título independiente SPA TIGAL 0087
084 ## - OTRO NÚMERO DE CLASIFICACIÓN
Número de control del registro de autoridad o número normalizado TIGAL 0087
100 ## - ENTRADA PRINCIPAL--NOMBRE DE PERSONA
Nombre de persona Paz González, Ana Nicole
Término indicativo de función/relación Autor
245 ## - MENCIÓN DEL TÍTULO
Título INFORME FINAL DEL EJERCICIO PROFESIONAL SUPERVISADO, REALIZADO EN LA MUNICIPALIDAD DE FLORES, PETÉN Y ALDEA PAXCAMÁN, FLORES, PETÉN/
Mención de responsabilidad, etc. Ana Nicole Paz González.
Medio Impreso
264 ## - PRODUCCIÓN, PUBLICACIÓN, DISTRIBUCIÓN, FABRICACIÓN Y COPYRIGHT
Producción, publicación, distribución, fabricación y copyright Cobán, Alta Verapaz:
Nombre del de productor, editor, distribuidor, fabricante Universidad de San Carlos de Guatemala, Centro Universitario del Norte, Carrera de Ingeniería en Gestión Ambiental Local
Fecha de producción, publicación, distribución, fabricación o copyright 2024
300 ## - DESCRIPCIÓN FÍSICA
Extensión 91 p.:
Otras características físicas Ilustraciones, gráficas.
Dimensiones 28 cm;
300 ## - DESCRIPCIÓN FÍSICA
Dimensiones PDF
336 ## - TIPO DE CONTENIDO
Fuente rdacontenido
Término de tipo de contenido Texto
Código de tipo de contenido txt
337 ## - TIPO DE MEDIO
Fuente rdamedio
Nombre/término del tipo de medio Computadora
Código del tipo de medio n
338 ## - TIPO DE SOPORTE
Fuente rdasoporte
Nombre/término del tipo de soporte Código en línea
Código del tipo de soporte cr
502 ## - NOTA DE TESIS
identificador de la tesis TIGAL 0087
502 ## - NOTA DE TESIS
Nota de tesis Tesis de grado
Tipo de título Carrera de Ingeniería en Gestión Ambiental Local,
Nombre de la institución que otorga el título Universidad de San Carlos de Guatemala, Centro Universitario del Norte, Carrera de Ingeniería en Gestión Ambiental Local
Año de obtención del título 2024
Identificador de la tesis TIGAL 0087
520 14 - RESUMEN, ETC.
Sumario, etc. El Ejercicio profesional Supervisado de la carrera de Ingeniería en Gestión<br/>Ambiental Local del Centro Universitario del Norte de la Universidad San Carlos de<br/>Guatemala, tuvo como sede la comunidad Paxcamán del municipio de Flores del<br/>departamento de Petén y la municipalidad de Flores, Petén. En el presente informe se<br/>describen las distintas fases en las que se desarrolló el Ejercicio Profesional Supervisado<br/>(EPS), se inició con el diagnóstico socioeconómico y ambiental en la aldea Paxcamán, se<br/>realizó un proceso continuo de visitas de campo, con la participación de los habitantes para<br/>poder conocer la situación ambiental, social, económica y educacional.<br/><br/>A partir de esta etapa se generó una matriz de priorización de problemas<br/>ambientales entre los que destacan; el deterioro de cuerpos de agua, la pérdida de<br/>biodiversidad y la contaminación por desechos sólidos, se establecieron acciones como<br/>reforestación en áreas ecológicas, talleres sobre la importancia de la materia orgánica y<br/>como aprovecharla al elaborar abono, sobre reciclaje y como transformar un material<br/>desechable, tren de recolección de desechos y residuos sólidos, charla sobre la huella de<br/>carbono para llevar una acción personal positiva para el medio ambiente.<br/><br/>En la municipalidad de Flores, se gestionó la aprobación para la realización de<br/>distintas actividades ambientales como la plantación de 200 árboles de especie nativa<br/>matilisguate (Tabebuia rosea), jornadas de limpieza de residuos y desechos sólidos a orillas<br/>del lago Petén Itzá en donde participaron distintas instituciones que velan por el resguardo<br/>y protección del medio ambiente, visitas de campo a distintas aldeas del municipio para la<br/>realización de la campaña ambiental municipal denominada “involúcrate al cambio” que<br/>tuvo como propósito lograr cambios positivos en las practicas que la población realiza<br/>diariamente.
650 14 - PUNTO DE ACCESO ADICIONAL DE MATERIA--TÉRMINO DE MATERIA
Fuente del encabezamiento o término LEMB
Término de materia o nombre geográfico como elemento de entrada Flores, Petén
Subdivisión general Ingeniería en Gestión Ambiental Local
-- Informe
-- Diagnóstico
-- Reforestación
-- Materia orgánica
-- Desechos
700 ## - ENTRADA AGREGADA--NOMBRE PERSONAL
Nombre de persona Ing. Agr. Henry Estuardo Botzoc Choc
Término indicativo de función/relación Asesor
856 ## - LOCALIZACIÓN Y ACCESO ELECTRÓNICOS
Identificador Uniforme de Recurso <a href="https://drive.google.com/file/d/1owSO7O2XQz7ldFsLnZyH0GpOT1yiukT0/view">https://drive.google.com/file/d/1owSO7O2XQz7ldFsLnZyH0GpOT1yiukT0/view</a>
Texto de enlace PDF
Nota pública Un ejemplar en línea.
942 ## - ELEMENTOS DE ENTRADA SECUNDARIOS (KOHA)
Fuente de la clasificación o esquema de estantería Clasificación Decimal Dewey
Tipo de ítem Koha TESIS
Parte de la signatura que identifica el ejemplar (Parte del ítem) TIGAL 0087
Prefijo de la signatura Clasificación
Suprimir en OPAC No
-- TIGAL_0087_000000000000000
Existencias
Estatus retirado Estado de pérdida Fuente de la clasificación o esquema de estantería Estado de daño No para préstamo Colección Biblioteca de origen Biblioteca actual Ubicación en estantería Fecha de adquisición Número de inventario Total de préstamos Signatura topográfica completa Código de barras Visto por última vez Precio de reemplazo Tipo de ítem Koha
    Clasificación Decimal Dewey     tesis BIBLIOTECA- CUNOR -JOSÉ LUIS GONZALES ROSALES BIBLIOTECA- CUNOR -JOSÉ LUIS GONZALES ROSALES Colección tesis 17/09/2025 TIGAL 0087   TIGAL 0087 TIGAL 0087 17/09/2025 17/09/2025 TESIS